[Event "Innsbruck op-A 1st"]
[Site "Innsbruck"]
[Date "2017.08.31"]
[Round "7"]
[White "Kreutzmann, Duke"]
[Black "Staninski, Borislav"]
[Result "1/2-1/2"]
[WhiteElo "1937"]
[BlackElo "1972"]
[PlyCount "125"]
[EventDate "2017.08.25"]
[EventType "swiss"]
[EventRounds "9"]
[EventCountry "AUT"]
[SourceTitle "CBM 180 Extra"]
[Source "ChessBase"]
[SourceDate "2017.10.06"]
[SourceVersion "1"]
[SourceVersionDate "2017.10.06"]
[SourceQuality "1"]

1. d4 Nf6 2. Bf4 e6 3. Nf3 d5 4. e3 Bd6 5. Bg3 Bxg3 6. hxg3 c5 7. c3 cxd4 8. exd4 Nc6 9. Nbd2 a6 10. Bd3 Qd6 11. Qe2 b6 12. Ne5 Bb7 13. Ndf3 Qc7 14. 0-0 Nxe5 15. Nxe5 Ne4 16. Rfe1 0-0 17. Qg4 Rae8 18. f3 f6 19. fxe4 fxe5 20. exd5 exd5 21. dxe5 Rxe5 22. Qh4 g6 23. Qd4 Rg5 24. g4 Rf4 25. Re8+ Kf7 26. Qe3 Qc5 27. Qxc5 bxc5 28. Rae1 Kg7 29. R1e7+ Rf7 30. Rxf7+ Kxf7 31. Rb8 Bc6 32. Rc8 Bd7 33. Rc7 Ke6 34. Rxc5 Rxg4 35. Bxa6 Kd6 36. b4 d4 37. cxd4 Rxd4 38. a3 Bc6 39. Rc3 Rd1+ 40. Kh2 Ra1 41. Bc4 Rb1 42. Be2 Rb2 43. Bf3 Ba4 44. Kg3 Ke5 45. Rd3 Bb3 46. Rd7 h5 47. Rg7 Kf6 48. Rb7 Bc2 49. Rb6+ Kg5 50. Rb5+ Bf5 51. Rc5 h4+ 52. Kh2 h3 53. Be4 hxg2 54. Bxf5 gxf5 55. Rc8 Kf4 56. Rg8 Ra2 57. Rxg2 Rxa3 58. Rb2 Ra8 59. b5 Ke5 60. b6 Kd6 61. b7 Rb8 62. Kg3 Kc7 63. Kf4 1/2-1/2

[Event "Seefeld op 18th"]
[Site "Seefeld"]
[Date "2007.09.06"]
[Round "6"]
[White "Mueller, Helmut1"]
[Black "Staninski, Borislav"]
[Result "1-0"]
[WhiteElo "2077"]
[BlackElo "1663"]
[PlyCount "65"]
[EventDate "2007.09.01"]
[EventType "swiss"]
[EventRounds "9"]
[EventCountry "AUT"]
[SourceTitle "EXT 2009"]
[Source "ChessBase"]
[SourceDate "2008.11.26"]
[SourceVersion "1"]
[SourceVersionDate "2008.11.26"]
[SourceQuality "1"]

1. Nf3 Nf6 2. g3 e6 3. Bg2 d5 4. d4 Nbd7 5. 0-0 c5 6. c3 Qc7 7. Bf4 Bd6 8. Bxd6 Qxd6 9. Nbd2 c4 10. Re1 0-0 11. e4 Nxe4 12. Nxe4 dxe4 13. Rxe4 Nf6 14. Re2 Bd7 15. Ne5 Nd5 16. Nxc4 Qc7 17. Qb3 Rac8 18. Ne5 Bc6 19. Rae1 Ne7 20. Nxc6 bxc6 21. f4 c5 22. dxc5 Qxc5+ 23. Kh1 Qh5 24. Re5 Nf5 25. c4 Rb8 26. Qc3 Rfd8 27. Be4 f6 28. Rxe6 Nd4 29. Re7 h6 30. b3 Ne2 31. Rxe2 Kf8 32. Bf3 Rd1+ 33. Re1 1-0

[Event "Seefeld op 18th"]
[Site "Seefeld"]
[Date "2007.09.02"]
[Round "2"]
[White "Storkebaum, Ulrike"]
[Black "Staninski, Borislav"]
[Result "0-1"]
[WhiteElo "1963"]
[BlackElo "1663"]
[PlyCount "138"]
[EventDate "2007.09.01"]
[EventType "swiss"]
[EventRounds "9"]
[EventCountry "AUT"]
[SourceTitle "EXT 2009"]
[Source "ChessBase"]
[SourceDate "2008.11.26"]
[SourceVersion "1"]
[SourceVersionDate "2008.11.26"]
[SourceQuality "1"]

1. e4 e5 2. Nf3 Nc6 3. d4 Nxd4 4. Nxd4 exd4 5. Qxd4 c5 6. Qa4 Nf6 7. e5 Nd5 8. c4 Nb6 9. Qd1 d5 10. cxd5 Qxd5 11. Qxd5 Nxd5 12. a3 a6 13. Be2 Be7 14. 0-0 0-0 15. f4 h6 16. Bd2 b5 17. Nc3 Nxc3 18. Bxc3 b4 19. axb4 cxb4 20. Bd4 Bb7 21. Bb6 Rfc8 22. Rfc1 Rxc1+ 23. Rxc1 Rc8 24. Rxc8+ Bxc8 25. Bf3 Kf8 26. Bc6 Be6 27. Kf2 b3 28. Ke3 Bb4 29. Kd4 Bd2 30. Bc5+ Kg8 31. g3 g5 32. fxg5 hxg5 33. Kd3 Be1 34. Be4 g4 35. Ke2 Ba5 36. Bd3 Bc7 37. Bd4 a5 38. Bb5 Kg7 39. Ke3 Kg6 40. Bc6 Bd8 41. Bc3 Bb6+ 42. Kf4 Bd8 43. Be4+ Kh5 44. Ke3 Bd7 45. Bd5 Be6 46. Bc6 Kg5 47. Bd4 Be7 48. Kd3 Kf5 49. Be4+ Kg5 50. Be3+ Kh5 51. Bc6 Kg6 52. Bd4 Bf5+ 53. Kc4 Be6+ 54. Kb5 Bb4 55. Bc5 Bc3 56. Ba3 Bxe5 57. Kxa5 f5 58. Kb4 f4 59. Be4+ Kg5 60. Kc5 fxg3 61. hxg3 Bxg3 62. Bd5 Bf2+ 63. Kc4 Bxd5+ 64. Kxd5 g3 65. Bd6 g2 66. Bh2 Kg4 67. Kc4 Kh3 68. Bg1 Bxg1 69. Kxb3 Bd4 0-1